[Event "DEM U18 2011"]
[Site "Oberhof GER"]
[Date "2011.06.18"]
[Round "9"]
[White "Donchenko, Alexander"]
[Black "Kartsev, Alexandr"]
[Result "0-1"]
[Termination "normal"]
[Board "7"]
[WhiteElo "2239"]
[BlackElo "2184"]
[PlyCount "66"]
[WhiteFideId "24603295"]
[BlackFideId "24647110"]
[EventCountry "GER"]
[EventRounds "9"]
[EventType "swiss"]
[EventDate "2011.06.11"]

1. d4 d5 2. Nf3 Nf6 3. c4 c6 4. Qc2 e6 5. Nbd2 Nbd7 6. g3 b6 7. Bg2 Bb7 8. O-O
Bd6 9. e4 dxe4 10. Nxe4 Nxe4 11. Qxe4 Qc7 12. b3 O-O 13. Bb2 c5 14. Qc2 cxd4
15. Bxd4 Rae8 16. Rad1 e5 17. Bb2 h6 18. Qd2 Re6 19. Rfe1 Rfe8 20. Re3 Nf8 21.
Qc3 f6 22. Bh3 Bc5 23. Ree1 Rd6 24. Nh4 Red8 25. Bg4 g5 26. Rxd6 Qxd6 27. Bf3
Bb4 28. Qe3 Bxf3 29. Qxf3 Bxe1 30. Nf5 Qd1 31. Nxh6+ Kg7 32. Nf5+ Kg6 33. Ne7+
Kf7 0-1

[Event "DEM U18 2011"]
[Site "Oberhof GER"]
[Date "2011.06.18"]
[Round "9"]
[White "Müller, Tobias"]
[Black "Kugler, Florian"]
[Result "1-0"]
[Termination "normal"]
[Board "8"]
[WhiteElo "2118"]
[BlackElo "2210"]
[PlyCount "87"]
[WhiteFideId "24643394"]
[BlackFideId "4633300"]
[EventCountry "GER"]
[EventRounds "9"]
[EventType "swiss"]
[EventDate "2011.06.11"]

1. c4 Nf6 2. g3 g6 3. Bg2 d5 4. cxd5 Nxd5 5. Nc3 Nb6 6. Nf3 Bg7 7. d3 O-O 8.
Be3 Nc6 9. Qd2 Re8 10. Bh6 Bh8 11. h4 Nd4 12. h5 a5 13. hxg6 fxg6 14. Ng5 Bf6
15. Nce4 Nf5 16. g4 Nxh6 17. Rxh6 Bg7 18. Rxh7 Qd4 19. Qf4 Rf8 20. Qh2 Rf7 21.
Nxf7 Kxf7 22. Ng5+ Ke8 23. Be4 Bxg4 24. Bxg6+ Kd8 25. f3 Qxb2 26. Rd1 Qc3+ 27.
Kf1 Nd5 28. fxg4 Ne3+ 29. Kg1 Nxd1 30. Ne6+ Kd7 31. Nxg7 Qe1+ 32. Kg2 Qxe2+ 33.
Kg3 Qe1+ 34. Kh3 Nf2+ 35. Kg2 Qe2 36. Bf5+ Kc6 37. Kg3 Qe3+ 38. Kh4 Rd8 39. Ne6
Rd6 40. Rxe7 Kb6 41. Qf4 Qe1 42. Kh5 Nh3 43. Qc4 Qe3 44. Qxc7+ 1-0

[Event "DEM U18 2011"]
[Site "Oberhof GER"]
[Date "2011.06.18"]
[Round "9"]
[White "Frischmann, Rick"]
[Black "Jäger, Tobias"]
[Result "1/2-1/2"]
[Termination "normal"]
[Board "9"]
[WhiteElo "1936"]
[BlackElo "2059"]
[PlyCount "52"]
[WhiteFideId "24660752"]
[BlackFideId "12902691"]
[EventCountry "GER"]
[EventRounds "9"]
[EventType "swiss"]
[EventDate "2011.06.11"]

1. e4 c5 2. Nf3 Nc6 3. c3 Nf6 4. e5 Nd5 5. d4 cxd4 6. cxd4 d6 7. Bc4 Nb6 8. Bb5
dxe5 9. Nxe5 Bd7 10. Nxd7 Qxd7 11. Nc3 e6 12. O-O Be7 13. Qg4 O-O 14. Rd1 Rfd8
15. Be3 Nd5 16. Rac1 Rac8 17. Qe2 a6 18. Bd3 Ncb4 19. Bb1 Nf6 20. Bg5 Nbd5 21.
Rd3 h6 22. Bxf6 Nxf6 23. Rcd1 Nd5 24. Rf3 Nxc3 25. bxc3 Bf8 26. h4 Qd5 1/2-1/2

[Event "DEM U18 2011"]
[Site "Oberhof GER"]
[Date "2011.06.18"]
[Round "9"]
[White "Müller, Richard"]
[Black "Günnigmann, Manuel"]
[Result "1-0"]
[Termination "normal"]
[Board "11"]
[WhiteElo "2032"]
[BlackElo "2205"]
[PlyCount "85"]
[WhiteFideId "24647128"]
[BlackFideId "24640360"]
[EventCountry "GER"]
[EventRounds "9"]
[EventType "swiss"]
[EventDate "2011.06.11"]

1. d4 Nf6 2. c4 g6 3. Nc3 d5 4. Bf4 Bg7 5. e3 O-O 6. Rc1 dxc4 7. Bxc4 c5 8.
dxc5 Qa5 9. a3 Nc6 10. Nge2 Qxc5 11. Nb5 Qh5 12. Nc7 Rb8 13. b4 e5 14. Bg3 Ne4
15. O-O Bf5 16. f3 Rbd8 17. Bd5 Nf6 18. e4 Nxd5 19. Nxd5 Be6 20. Nec3 f5 21.
Bf2 Kh8 22. Qa4 Rf7 23. Rcd1 Rfd7 24. b5 Nd4 25. Bxd4 exd4 26. Nf4 Qh6 27. Nxe6
Qe3+ 28. Kh1 Qxc3 29. Nxd8 Rxd8 30. exf5 gxf5 31. Qxa7 d3 32. Qb6 Qc8 33. h3
Qd7 34. a4 Re8 35. Qc5 d2 36. Qc4 Rd8 37. Rf2 Bh6 38. f4 Qd4 39. Qxd4+ Rxd4 40.
Rfxd2 Rxa4 41. Rd4 Ra5 42. Rb4 Bf8 43. Rb3 1-0

[Event "DEM U18 2011"]
[Site "Oberhof GER"]
[Date "2011.06.18"]
[Round "9"]
[White "Kahleys, Kevin"]
[Black "Wendling, Florian"]
[Result "1-0"]
[Termination "normal"]
[Board "12"]
[WhiteElo "2148"]
[BlackElo "1966"]
[PlyCount "62"]
[WhiteFideId "24669601"]
[BlackFideId "24640212"]
[EventCountry "GER"]
[EventRounds "9"]
[EventType "swiss"]
[EventDate "2011.06.11"]

1. d4 d5 2. c4 c6 3. Nf3 Nf6 4. e3 Bf5 5. Nc3 e6 6. h3 Nbd7 7. Nh4 Bg6 8. Nxg6
hxg6 9. g4 g5 10. Bd3 dxc4 11. Bxc4 Nb6 12. Be2 Nbd5 13. Bf3 Be7 14. e4 Nf4 15.
h4 Nd7 16. Bxf4 gxf4 17. g5 e5 18. d5 Nb6 19. Qb3 Qd6 20. a3 O-O-O 21. O-O-O
Qc5 22. dxc6 bxc6 23. Qxf7 Na4 24. Rh3 Kc7 25. Bg4 Rxd1+ 26. Bxd1 Nxc3 27. Rxc3
Qd6 28. Ba4 c5 29. b4 Rd8 30. Rxc5+ Kb8 31. Rb5+ Kc8 1-0

[Event "DEM U18 2011"]
[Site "Oberhof GER"]
[Date "2011.06.18"]
[Round "9"]
[White "Frank, Christian"]
[Black "Dünzel, Jonas"]
[Result "1-0"]
[Termination "normal"]
[Board "13"]
[WhiteElo "2043"]
[BlackElo "2091"]
[PlyCount "89"]
[WhiteFideId "24658324"]
[BlackFideId "24631167"]
[EventCountry "GER"]
[EventRounds "9"]
[EventType "swiss"]
[EventDate "2011.06.11"]

1. d4 d5 2. c4 c6 3. Nf3 Nf6 4. Nc3 dxc4 5. a4 Nd5 6. Ne5 Nxc3 7. bxc3 Be6 8.
e4 g6 9. Nxc4 Bg7 10. Rb1 b6 11. Be2 O-O 12. O-O Nd7 13. Bf4 Rc8 14. Qd2 f5 15.
e5 Bd5 16. Ne3 Bf7 17. Ba6 Rc7 18. e6 Bxe6 19. Bxc7 Qxc7 20. Bc4 Bxc4 21. Nxc4
c5 22. Qe2 cxd4 23. cxd4 Bxd4 24. Qxe7 Qxc4 25. Qxd7 Rf7 26. Qb5 Qc2 27. Rbe1
Bc5 28. Re2 Qc3 29. Qe8+ Kg7 30. Rd1 a5 31. Red2 Qf6 32. Rd7 Rxd7 33. Qxd7+ Kh6
34. g3 Bb4 35. Qd4 Qe6 36. Rc1 Bc5 37. Qf4+ Kg7 38. Rd1 h5 39. Kf1 Qc6 40. Qe5+
Kh7 41. Rd8 Kh6 42. h4 Qh1+ 43. Ke2 Qe4+ 44. Qxe4 fxe4 45. Re8 1-0

[Event "DEM U18 2011"]
[Site "Oberhof GER"]
[Date "2011.06.18"]
[Round "9"]
[White "Bluma, Marcel"]
[Black "Gruber, Roland"]
[Result "0-1"]
[Termination "normal"]
[Board "14"]
[WhiteElo "2099"]
[BlackElo "1882"]
[PlyCount "104"]
[WhiteFideId "1270526"]
[BlackFideId "1270975"]
[EventCountry "GER"]
[EventRounds "9"]
[EventType "swiss"]
[EventDate "2011.06.11"]

1. e4 e6 2. d4 d5 3. exd5 exd5 4. Bd3 Nc6 5. c3 Bd6 6. Nf3 Bg4 7. Be3 Nge7 8.
Nbd2 Qd7 9. Qc2 h6 10. O-O-O O-O-O 11. h3 Bf5 12. Ne1 Rde8 13. a3 Bxd3 14. Nxd3
Nf5 15. Rhe1 Nh4 16. Rg1 Nf5 17. Rde1 Re7 18. Nb3 Nxe3 19. fxe3 Bg3 20. Nbc5
Qd6 21. Re2 Rhe8 22. Rf1 Bh4 23. Nf4 b6 24. Qf5+ Kb8 25. Na6+ Kb7 26. Qd3 Bg5
27. g3 Nd8 28. Nb4 c6 29. Rfe1 Ne6 30. Qa6+ Kb8 31. Qa4 Kb7 32. Nfd3 a5 33. Nc2
Nc7 34. Ne5 Bf6 35. Nd3 Qxg3 36. b4 Ra8 37. bxa5 Rxa5 38. Nc5+ Kc8 39. Qxc6
bxc5 40. Qb6 Rb5 41. Qa7 Qd6 42. c4 Qb6 43. Qxb6 Rxb6 44. dxc5 Rc6 45. Nd4 Rxc5
46. Nf5 Rxc4+ 47. Kb1 Re6 48. e4 Rcxe4 49. Rxe4 dxe4 50. Kc2 Nb5 51. Kb3 Nd4+
52. Kc4 Nxf5 0-1

[Event "DEM U18 2011"]
[Site "Oberhof GER"]
[Date "2011.06.18"]
[Round "9"]
[White "Marx, Joschka"]
[Black "Theurich, Joel"]
[Result "1-0"]
[Termination "normal"]
[Board "15"]
[WhiteElo "2035"]
[BlackElo "1511"]
[PlyCount "101"]
[WhiteFideId "24645869"]
[BlackFideId "12930393"]
[EventCountry "GER"]
[EventRounds "9"]
[EventType "swiss"]
[EventDate "2011.06.11"]

1. Nf3 Nc6 2. g3 e5 3. d3 d5 4. Bg2 Bc5 5. O-O Nf6 6. Nbd2 O-O 7. e4 h6 8. h3
dxe4 9. dxe4 Re8 10. c3 a5 11. Qc2 b6 12. Rd1 Qe7 13. Nf1 Rd8 14. Be3 Rxd1 15.
Rxd1 Bxe3 16. Nxe3 g6 17. Nd5 Nxd5 18. exd5 Nb8 19. Qe4 Bf5 20. Qxe5 Qxe5 21.
Nxe5 Na6 22. g4 Re8 23. f4 Bc8 24. a3 Kg7 25. Kf2 f6 26. Nc6 Nc5 27. b4 axb4
28. axb4 Ne4+ 29. Bxe4 Rxe4 30. Rd4 Rxd4 31. Nxd4 Bd7 32. c4 f5 33. gxf5 gxf5
34. Ke3 Kf6 35. Nf3 Be8 36. Ne5 h5 37. h4 Ke7 38. Kd4 Kd6 39. c5+ Ke7 40. Nf3
Kf6 41. Nd2 b5 42. c6 Ke7 43. Kc5 Bf7 44. Nb1 Kd8 45. Nc3 Kc8 46. Nxb5 Kb8 47.
d6 cxd6+ 48. Nxd6 Be6 49. b5 Kc7 50. b6+ Kd8 51. c7+ 1-0